Etiketa v zaměstnání udělejte dobrý dojem!

Na minha lista:
Detalhes bibliográficos
Autor principal: Wolffová, Inge
Outros Autores: Fajtová, Martina
Formato: Livro
Idioma:tcheco
Publicado em: Praha GRADA Publishing 2007
Colecção:Clever life
Assuntos:
Tags: Adicionar Tag
Sem tags, seja o primeiro a adicionar uma tag!

MARC

LEADER 00000nam$a2200000$$$4500
001 0067714
005 20240315114433.3
020 |a 978-80-247-2081-4 
041 0 |a cze 
044 |a CZ 
245 1 0 |a Etiketa v zaměstnání  |b udělejte dobrý dojem!  |c Inge Wolffová ; překlad: Martina Fajtová 
264 1 |a Praha  |b GRADA Publishing  |c 2007 
300 |a 127 s. 
490 1 |a Clever life 
830 0 |a Clever life 
610 2 0 |a zamestnanie 
610 2 0 |a etiketa 
610 2 0 |a správanie 
610 2 0 |a spoločnosť 
610 2 0 |a kariéra 
610 2 0 |a komunikácia interpersonálna 
610 2 0 |a telefón 
610 2 0 |a vyjednávanie 
610 2 0 |a imidž 
610 2 0 |a zvyklosti kultúrne 
610 2 0 |a vzťahy medziľudské 
610 2 0 |a vzťahy spoločenské 
610 2 0 |a poradenstvo 
100 1 |a Wolffová, Inge 
700 1 |a Fajtová, Martina